000 00679nam a2200217 i 4500
001 40782
003 ES-MaACL
005 20260202124506.0
007 t|
008 030307s1970 sp ||||1| spa d
100 1 _aCapmany, Maria Aurèlia,
_d1918-1991
_934865
245 1 3 _aUn lugar entre los muertos /
_cMaria Aurèlia Capmany ; [versión Jaume Vidal Alcover].
250 _a1ª ed.
260 _aBarcelona :
_bNova Terra,
_c[1970]
300 _a183 p. ;
_c19 cm.
600 1 4 _aCampdepadrós y Jansana, Jeronimo.
_9170145
700 1 _aVidal Alcover, Jaume.
_9114465
852 _aES-MaACL
_jC-40378
_bR.75798
_cDEPO2
942 _2udc
999 _c40782
_d40782